Letters from James, earl of Perth, lord chancellor of Scotland, &c., to his sister, the Countess of Erroll, and other members of his family /

Bibliographic Details
Main Author: Perth, James Drummond, 4th earl of, 1648-1716
Other Authors: Erroll, Anne Drummond Hay, countess of, 1656-, Jerdan, William, 1782-1869
Format: Book
Language:English
Series:Publications (Camden Society (Great Britain)) ; no. XXXIII.
Subjects:

MARC

Tag First Indicator Second Indicator Subfields
LEADER 00000cam a2200000 4500
001 in00000307665
005 20151010093457.0
008 740612s1845 enk 00010 eng d
010 |a a 17001214  
035 |a (OCoLC)00917037 
035 |9 ABG8131AM 
040 |c TOL  |d TXA  |d UtOrBLW 
049 |a TXAM  |c [302287] 
050 0 0 |a DA20  |b .C17 v. 33 
100 1 |a Perth, James Drummond,  |c 4th earl of,  |d 1648-1716. 
245 1 0 |a Letters from James, earl of Perth, lord chancellor of Scotland, &c., to his sister, the Countess of Erroll, and other members of his family /  |c Ed. by William Jerdan. 
264 3 |a London :  |b Printed for the Camden Society by J.B. Nichols and son,  |c 1845. 
300 |a xvi, 112 pages 
336 |a text  |b txt  |2 rdacontent 
337 |a unmediated  |b n  |2 rdamedia 
338 |a volume  |b nc  |2 rdacarrier 
490 1 |a Camden Society. Publications ;  |v no. XXXIII 
651 0 |a Europe  |x Description and travel. 
700 1 |a Erroll, Anne Drummond Hay,  |c countess of,  |d 1656- 
700 1 |a Jerdan, William,  |d 1782-1869. 
830 0 |a Publications (Camden Society (Great Britain)) ;  |v no. XXXIII. 
999 |a MARS 
999 f f |s df34e7e1-29a0-3907-9a33-295e28525172  |i 577d4f2f-daf7-3d83-835e-f666a5764881  |t 0 
952 f f |p ric  |a Texas A&M University  |b Rellis Campus  |c Joint Library Facility  |d Remote Storage  |t 0  |e DA20 .C17 v. 33  |h Library of Congress classification  |i unmediated -- volume  |m A14801906565 
998 f f |a DA20 .C17 v. 33  |t 0  |l Remote Storage